000
00211nam a22000857a 4500
008
170128b xxu||||| |||| 00| 0 eng d
100
_9
2617
_a
Gupta.G
245
_a
The World Arount me-2
260
_a
New Delhi
_b
GRB
_c
2012
999
_c
5754
_d
5754